Ungarisches Stadtrecht aus europäischer Sicht : die Stadtrechtsentwicklung im spätmittelalterlichen Ungarn am Beispiel Ofen /

Saved in:
Bibliographic Details
Main Author: Gönczi, Katalin.
Format: Book
Language:German
Published: Frankfurt am Main : V. Klostermann, 1997.
Series:Ius commune. Sonderhefte ; 92.
Subjects:
Tags: Add Tag
No Tags, Be the first to tag this record!
LEADER 00953cam a2200253Ia 4500
001 007353071-9
005 20051110112651.0
008 970404s1997 gw b 001 0 ger d
020 |a 3465029011 
035 0 |a ocm36677573 
040 |a NYP  |c NYP  |d LUI  |d OCLCQ  |d HVL 
043 |a e-hu--- 
100 1 |a Gönczi, Katalin. 
245 1 0 |a Ungarisches Stadtrecht aus europäischer Sicht :  |b die Stadtrechtsentwicklung im spätmittelalterlichen Ungarn am Beispiel Ofen /  |c Katalin Gönczi. 
260 |a Frankfurt am Main :  |b V. Klostermann,  |c 1997. 
300 |a x, 255 p. ;  |c 25 cm. 
490 1 |a Ius commune. Sonderhefte ;  |v 92 
504 |a Includes bibliographical references (p. [231]-251) and index. 
650 0 |a Municipal corporations  |z Hungary  |x History. 
650 0 |a Municipal corporations  |z Hungary  |z Budapest  |x History. 
651 0 |a Budapest (Hungary)  |x Politics and government. 
830 0 |a Ius commune.  |p Sonderhefte ;  |v 92. 
988 |a 20020608 
906 |0 OCLC